| 000 | 00492nam a2200133Ia 4500 | ||
|---|---|---|---|
| 008 | 170221s9999 xx 000 0 und d | ||
| 100 | _aBradford, William C. | ||
| 245 | _a“Because That's Where the Money Is”: A Theory of Corporate Legal Compliance | ||
| 245 | _cWilliam C. Bradford | ||
| 260 | _bThe Journal of Business, Entrepreneurship & the Law | ||
| 260 | _c2015 | ||
| 650 | _xBusiness | ||
| 856 | _uhttp://digitalcommons.pepperdine.edu/cgi/viewcontent.cgi?article=1127&context=jbel | ||
| 999 |
_c307357 _d307357 |
||